[Event "56th World U20 ch"]
[Site "Tarvisio ITA"]
[Date "2017.11.15"]
[Round "3.17"]
[White "Bai Jinshi"]
[Black "Nikolovski, Nikola"]
[Result "1-0"]
[WhiteElo "2553"]
[BlackElo "2412"]
[EventDate "2017.11.13"]
[PlyCount "61"]

1.Nf3 c5 2.c4 g6 3.d4 cxd4 4.Nxd4 Bg7 5.e4 Nc6 6.Be3 Nf6 7.Nc3 Ng4 8.Qxg4 
Nxd4 9.Qd1 Ne6 10.Rc1 b6 11.Be2 Bb7 12.f3 Qb8 13.Qd2 Be5 14.g3 g5 15.Nd5 
h5 16.Rf1 h4 17.f4 hxg3 18.hxg3 Bd6 19.b4 Rh2 20.a3 Ba6 21.Qd3 Rh3 22.e5 
Bxe5 23.Qf5 gxf4 24.gxf4 Rxe3 25.fxe5 Rxe2+ 26.Kd1 f6 27.Qh5+ Kf8 28.Qh8+ 
Kf7 29.Rxf6+ exf6 30.Qxf6+ Kg8 31.Ne7+ 1-0

[Event "56th World U20 ch"]
[Site "Tarvisio ITA"]
[Date "2017.11.15"]
[Round "3.18"]
[White "Acosta, Pablo Ismael"]
[Black "Shevchenko, Kirill"]
[Result "0-1"]
[WhiteElo "2402"]
[BlackElo "2550"]
[EventDate "2017.11.13"]
[PlyCount "68"]

1.d4 Nf6 2.c4 e6 3.Nf3 b6 4.a3 Bb7 5.Nc3 d5 6.cxd5 Nxd5 7.Qc2 Nd7 8.e4 
Nxc3 9.bxc3 c5 10.Bd3 Qc7 11.Qa2 Be7 12.O-O Nf6 13.Re1 O-O 14.Bb2 Rfd8 15.
a4 Rac8 16.g3 Qb8 17.Ne5 cxd4 18.cxd4 Bb4 19.Re2 Bc3 20.Nf3 Qa8 21.d5 Nxd5
22.exd5 Bxd5 23.Qb1 Bxf3 24.Bxh7+ Kh8 25.Be4 Bxe4 26.Rxe4 Bxb2 27.Rh4+ Kg8
28.Qxb2 Qf3 29.Qb1 Rd3 30.Rf4 Qd5 31.Qb5 Rd1+ 32.Rxd1 Qxd1+ 33.Kg2 Qd5+ 
34.Kh3 g6 0-1

[Event "56th World U20 ch"]
[Site "Tarvisio ITA"]
[Date "2017.11.15"]
[Round "3.19"]
[White "Tin Jingyao"]
[Black "Sarana, Alexei"]
[Result "0-1"]
[WhiteElo "2404"]
[BlackElo "2543"]
[EventDate "2017.11.13"]
[PlyCount "180"]

1.d4 Nf6 2.c4 e6 3.Nf3 d5 4.Nc3 Bb4 5.Qa4+ Nc6 6.e3 O-O 7.Bd2 dxc4 8.Bxc4 
Bd7 9.Qc2 a6 10.O-O Bd6 11.Ne4 Nxe4 12.Qxe4 Qf6 13.Bc3 Ne7 14.Qg4 Rad8 15.
e4 e5 16.Qh5 exd4 17.Bxd4 Qg6 18.Qh4 Qg4 19.Qxg4 Bxg4 20.Ne5 Bh5 21.a4 Kh8
22.Bc3 f6 23.Nd3 Be2 24.Rfc1 Bxd3 25.Bxd3 Bxh2+ 26.Kxh2 Rxd3 27.b4 Ra8 28.
b5 axb5 29.axb5 Rxa1 30.Bxa1 c6 31.bxc6 Nxc6 32.e5 fxe5 33.Bxe5 Kg8 34.Bf4
Kf7 35.Rb1 Rd7 36.Kg3 Ke6 37.Be3 Ne5 38.Rb4 Kd5 39.Rb5+ Ke4 40.Ba7 Nc4 41.
f3+ Kd3 42.Kh3 Re7 43.Bg1 Kc3 44.Kg4 Kd3 45.Kg5 Rd7 46.f4 Kc3 47.f5 Nd6 
48.Rb6 Kc4 49.g4 Nb5 50.Kf4 Nc3 51.Ke5 Nd5 52.Rb1 b5 53.g5 Nc3 54.Rf1 Re7+
55.Kd6 Rb7 56.Rf4+ Kd3 57.Rd4+ Kc2 58.f6 Ne2 59.Rg4 b4 60.Bc5 b3 61.Ba3 
Ra7 62.Ke6 Ra6+ 63.Bd6 b2 64.Rc4+ Kd3 65.Rb4 gxf6 66.gxf6 Nf4+ 67.Kf5 Rxd6
68.Rxb2 Ng6 69.Kg5 Rd7 70.Rb8 Ke4 71.Re8+ Kd5 72.Re3 Ne5 73.Kf5 Nc6 74.Re8
Kd6 75.Re6+ Kd5 76.Re8 Nd8 77.Re1 Nf7 78.Rd1+ Kc6 79.Rc1+ Kd6 80.Rh1 Nh8 
81.Kg5 Ng6 82.Kf5 Nf8 83.Re1 Rf7 84.Rd1+ Kc7 85.Rg1 Kd8 86.Rg8 Ke8 87.Rg7 
Nd7 88.Rg8+ Rf8 89.Rg7 Rxf6+ 90.Kg5 Rf7 0-1

[Event "56th World U20 ch"]
[Site "Tarvisio ITA"]
[Date "2017.11.15"]
[Round "3.20"]
[White "Gholami, Aryan"]
[Black "Nikitenko, Mikhail"]
[Result "1-0"]
[WhiteElo "2483"]
[BlackElo "2376"]
[EventDate "2017.11.13"]
[PlyCount "65"]

1.Nf3 Nf6 2.d4 d5 3.c4 c6 4.Nc3 dxc4 5.a4 Bf5 6.e3 e6 7.Bxc4 Bb4 8.O-O 
Nbd7 9.Qb3 a5 10.Na2 Be7 11.h3 Ne4 12.Nc3 Bb4 13.Nd2 Ndc5 14.Qa2 Bxc3 15.
bxc3 Nxc3 16.Qb2 N3xa4 17.Qa3 Nd7 18.Qxa4 b5 19.Qa3 bxc4 20.Nxc4 Qe7 21.
Nd6+ Kf8 22.e4 Bg6 23.f4 f5 24.exf5 Bxf5 25.g4 Bd3 26.Rf3 Ba6 27.f5 Kg8 
28.fxe6 Qxe6 29.Re3 Qd5 30.Nf5 Qc4 31.Bd2 Nf6 32.Rc1 Qb5 33.Re7 1-0

[Event "56th World U20 ch"]
[Site "Tarvisio ITA"]
[Date "2017.11.15"]
[Round "3.21"]
[White "Gagare, Shardul"]
[Black "Percivaldi, Martin"]
[Result "1/2-1/2"]
[WhiteElo "2482"]
[BlackElo "2388"]
[EventDate "2017.11.13"]
[PlyCount "84"]

1.d4 Nf6 2.c4 e6 3.Nf3 d5 4.Nc3 c5 5.cxd5 Nxd5 6.e4 Nxc3 7.bxc3 cxd4 8.
cxd4 Bb4+ 9.Bd2 Bxd2+ 10.Qxd2 O-O 11.Bc4 Nd7 12.O-O b6 13.Rfe1 Bb7 14.a4 
Nf6 15.Bd3 h6 16.a5 a6 17.Qb4 b5 18.Nd2 Rc8 19.Nb3 Nd7 20.f3 e5 21.d5 Qf6 
22.Rac1 Rfd8 23.Bf1 g6 24.Qd2 Kg7 25.Qe3 Qd6 26.g3 Rxc1 27.Rxc1 Rc8 28.
Rxc8 Bxc8 29.Qc3 Bb7 30.Bh3 f5 $11 31.Kf2 Kf6 32.Qe3 Kg7 33.exf5 Bxd5 34.
fxg6 Nb8 35.Nc5 Nc6 36.f4 Qxg6 37.f5 Qh5 38.g4 Qh4+ 39.Ke2 Qg5 40.Qxg5+ 
hxg5 41.Nxa6 Nxa5 42.Nb4 Bh1 $11 1/2-1/2

[Event "56th World U20 ch"]
[Site "Tarvisio ITA"]
[Date "2017.11.15"]
[Round "3.22"]
[White "Pang Tao"]
[Black "Van Foreest, Lucas"]
[Result "0-1"]
[WhiteElo "2192"]
[BlackElo "2474"]
[EventDate "2017.11.13"]
[PlyCount "66"]

1.Nf3 Nf6 2.c4 e6 3.Nc3 d5 4.d4 dxc4 5.e3 a6 6.Bxc4 b5 7.Bb3 Bb7 8.O-O c5 
9.Qe2 Nbd7 10.Rd1 Qb8 11.e4 cxd4 12.Nxd4 Bd6 13.g3 O-O 14.a3 Rd8 15.f3 h5 
16.Bg5 Be5 17.f4 Bc7 18.Nxe6 Bb6+ 19.Kf1 Re8 20.e5 Ng4 21.Rxd7 fxe6 22.Qd3
Qc8 23.Bf6 Nxh2+ 24.Ke2 Bf3+ 25.Kd2 Ra7 26.Rxa7 Bxa7 27.Qg6 Qd7+ 28.Kc2 
Bg4 29.Bxg7 Qf7 30.Qxf7+ Kxf7 31.Bf6 Bf5+ 32.Kd1 Ng4 33.Bg5 Bc5 {... 57 
moves} 0-1

[Event "56th World U20 ch"]
[Site "Tarvisio ITA"]
[Date "2017.11.15"]
[Round "3.23"]
[White "Zanan, Evgeny"]
[Black "Doluweera, Minul Sanjula"]
[Result "1/2-1/2"]
[WhiteElo "2471"]
[BlackElo "2154"]
[EventDate "2017.11.13"]
[PlyCount "107"]

1.d4 d5 2.c4 e6 3.Nf3 Nf6 4.g3 dxc4 5.Bg2 Bd7 6.Ne5 Bc6 7.Nxc6 Nxc6 8.O-O 
Qd7 9.e3 Rd8 10.Nc3 Be7 11.Qe2 e5 12.Qxc4 exd4 13.Bxc6 Qxc6 14.Qxc6+ bxc6 
15.exd4 Rxd4 16.Be3 Rb4 17.Rfe1 Kd7 18.Rad1+ Bd6 19.b3 a5 20.Bc5 Rbb8 21.
Rd4 Nd5 22.Bxd6 cxd6 23.Nxd5 cxd5 24.Rxd5 Ra8 25.Red1 Ra6 26.R1d4 a4 27.
bxa4 g6 28.g4 Rc8 29.Rb5 Rc2 30.Rf4 Ke6 31.g5 Ra7 32.Rb3 Rxa2 $11 33.Re3+ 
Kd5 34.Ree4 Kc5 35.Rc4+ Kb6 36.Rb4+ Kc5 37.Rbc4+ Kb6 38.Rf6 R2xa4 39.Rxd6+
Kb5 40.Rxa4 Rxa4 41.h3 Rh4 42.Kg2 Rh5 $11 43.f4 h6 44.gxh6 Rxh6 45.f5 Kc5 
46.Rf6 Kd5 47.Rxf7 gxf5 48.Rxf5+ Ke6 49.Rf8 Ke7 50.Ra8 Kf7 51.Kg3 Kg7 52.
Ra7+ Kh8 53.Kg4 Rb6 54.h4 1/2-1/2

[Event "56th World U20 ch"]
[Site "Tarvisio ITA"]
[Date "2017.11.15"]
[Round "3.24"]
[White "Urazayev, Arystanbek"]
[Black "Christiansen, Johan-Sebastian"]
[Result "0-1"]
[WhiteElo "2349"]
[BlackElo "2468"]
[EventDate "2017.11.13"]
[PlyCount "56"]

1.e4 e6 2.d4 d5 3.e5 c5 4.c3 Qb6 5.Nf3 Nc6 6.a3 Nh6 7.b4 cxd4 8.Bxh6 gxh6 
9.cxd4 Bd7 10.Ra2 Rg8 11.g3 Rg4 12.Rd2 a5 13.b5 Na7 14.Qb3 Re4+ 15.Be2 
Qxb5 16.Qa2 Rc8 17.O-O Qa4 18.Qb2 Rxe2 19.Rxe2 Bb5 20.Nc3 Rxc3 21.Qxc3 
Bxe2 22.Re1 Qc4 23.Qxa5 Nc6 24.Qa8+ Nd8 25.Nd2 Qxd4 26.Nf1 Ba6 27.Qb8 Bc5 
28.Ne3 Qd3 0-1

[Event "56th World U20 ch"]
[Site "Tarvisio ITA"]
[Date "2017.11.15"]
[Round "3.25"]
[White "Svane, Rasmus"]
[Black "Zhao Yuanhe"]
[Result "1-0"]
[WhiteElo "2587"]
[BlackElo "2377"]
[EventDate "2017.11.13"]
[PlyCount "85"]

1.c4 g6 2.e4 e5 3.d4 d6 4.Nf3 Nc6 5.d5 Nce7 6.c5 Nf6 7.Nc3 Bg7 8.cxd6 cxd6
9.Qa4+ Bd7 10.Qb4 Qb8 11.Bb5 O-O 12.Bxd7 Nxd7 13.Be3 Rc8 14.O-O a6 15.a4 
b6 16.Rfd1 Nc5 17.Nd2 Ra7 18.Qa3 Rac7 19.b4 Nb3 20.Nxb3 Rxc3 21.b5 a5 22.
Rac1 f5 23.Rxc3 Rxc3 24.Rc1 Rxc1+ 25.Qxc1 fxe4 26.Bg5 Nxd5 27.Qc4 Qb7 28.
Nd2 h6 29.Nxe4 Qf7 30.Bd8 Kh7 31.h3 Qg8 32.Nxd6 e4 33.Qxe4 Qxd8 34.Qxd5 
Qf6 35.Qd1 Qf4 36.g3 Qb4 37.Ne8 Bd4 38.Kg2 Qc5 39.Qf3 Qe7 40.Qd5 Bc5 41.
Qc6 Qf7 42.Nf6+ Kh8 43.Ne4 1-0

[Event "56th World U20 ch"]
[Site "Tarvisio ITA"]
[Date "2017.11.15"]
[Round "3.26"]
[White "Aravindh, Chithambaram"]
[Black "Batsuren, Dambasuren"]
[Result "1-0"]
[WhiteElo "2572"]
[BlackElo "2352"]
[EventDate "2017.11.13"]
[PlyCount "61"]

1.e4 e5 2.Nf3 Nc6 3.Bb5 a6 4.Ba4 b5 5.Bb3 Nf6 6.O-O Bb7 7.Re1 Bc5 8.c3 d6 
9.d4 Ba7 10.a4 O-O 11.Bg5 h6 12.Bh4 g5 13.Nxg5 hxg5 14.Bxg5 exd4 15.cxd4 
Nxd4 16.Bd5 Bxd5 17.exd5 Kg7 18.Nd2 Qd7 19.Bxf6+ Kxf6 20.Ra3 Ne6 21.Ne4+ 
Ke7 22.Ng5 Rae8 23.Rf3 c6 24.dxe6 fxe6 25.Rxe6+ Qxe6 26.Nxe6 Kxe6 27.h4 d5
28.Qc2 Kd6 29.Qg6+ Kc5 30.Rxf8 Rxf8 31.Qg7 1-0

[Event "56th World U20 ch"]
[Site "Tarvisio ITA"]
[Date "2017.11.15"]
[Round "3.27"]
[White "Lamard, Guillaume"]
[Black "Boruchovsky, Avital"]
[Result "0-1"]
[WhiteElo "2376"]
[BlackElo "2565"]
[EventDate "2017.11.13"]
[PlyCount "89"]

1.d4 Nf6 2.Bf4 c5 3.d5 d6 4.Nc3 e5 5.Bg5 Be7 6.e4 a6 7.h4 Nbd7 8.a4 Ng8 9.
Nf3 Bxg5 10.hxg5 Nf8 11.Qd2 h6 12.Be2 Bg4 13.g3 Nh7 14.gxh6 Nxh6 15.Nh4 
Qf6 16.f3 Bd7 17.f4 g5 18.Nf3 gxf4 19.gxf4 Ng4 20.f5 O-O-O 21.O-O-O Rdg8 
22.Rdg1 Qd8 23.Rxg4 Rxg4 24.Nxe5 Nf6 25.Rxh8 Rg1+ 26.Bd1 Qxh8 27.Nxf7 Qf8 
28.Ng5 Qh6 29.Nf3 Qxd2+ 30.Kxd2 Rg4 31.Ke3 b5 32.Nd2 b4 33.Ncb1 Rg1 34.Be2
a5 35.b3 Rc1 36.Kf4 Kd8 37.Bf3 Re1 38.c3 Ke7 39.cxb4 cxb4 40.Kg3 Bc8 41.
Kf2 Rc1 42.Be2 Nd7 43.Kg2 Ne5 44.Kg3 Kf6 45.Bg4 {...} 0-1

[Event "56th World U20 ch"]
[Site "Tarvisio ITA"]
[Date "2017.11.15"]
[Round "3.28"]
[White "Vaibhav, Suri"]
[Black "Dimic, Pavle"]
[Result "1-0"]
[WhiteElo "2560"]
[BlackElo "2357"]
[EventDate "2017.11.13"]
[PlyCount "55"]

1.Nf3 Nf6 2.g3 g6 3.b3 Bg7 4.Bb2 O-O 5.Bg2 d6 6.d4 Nbd7 7.O-O Re8 8.a4 a5 
9.Na3 c6 10.Re1 Qc7 11.e4 e5 12.Nc4 Bf8 13.Qd2 exd4 14.Nxd4 Ne5 15.Na3 Bg7
16.Rad1 Ned7 17.Nc4 Nc5 18.Ne3 Ncd7 19.Ndf5 gxf5 20.Nxf5 Re5 21.Nxd6 Re6 
22.Nf5 Nf8 23.Nxg7 Kxg7 24.f4 Qb6+ 25.Kh1 Kg8 26.f5 Ng4 27.Re2 Rh6 28.Qg5+
1-0

[Event "56th World U20 ch"]
[Site "Tarvisio ITA"]
[Date "2017.11.15"]
[Round "3.29"]
[White "Sanal, Vahap"]
[Black "Zuo Yifan"]
[Result "1/2-1/2"]
[WhiteElo "2557"]
[BlackElo "2346"]
[EventDate "2017.11.13"]
[PlyCount "124"]

1.Nf3 Nf6 2.g3 d5 3.Bg2 c6 4.d3 h6 5.O-O Bf5 6.b3 e6 7.Bb2 Bd6 8.Nfd2 Nbd7
9.e4 Bg4 10.Qe1 Qc7 11.f4 dxe4 12.dxe4 Bh5 13.e5 Bc5+ 14.Kh1 Nd5 15.Ne4 
Bb4 16.c3 Be7 17.c4 Nb4 18.Qd2 O-O 19.a3 Na6 20.b4 Rad8 21.Qc3 Nb6 22.Qc2 
Qd7 23.Nd6 Bg6 24.Qb3 Bxd6 25.exd6 c5 26.b5 Nb8 27.Nd2 Qxd6 28.Ne4 Qe7 29.
Rae1 Bxe4 30.Bxe4 N8d7 31.f5 Nf6 32.Bxf6 gxf6 33.Rf4 exf5 34.Rg4+ fxg4 35.
Bh7+ Kxh7 36.Rxe7 Rd4 37.Qb1+ Kg7 38.Re4 Rfd8 39.Rxd4 cxd4 40.c5 d3 41.
cxb6 d2 42.Qd1 axb6 43.Qxg4+ Kf8 44.Qd1 f5 45.Kg2 f6 46.Kf3 Rd5 47.Kf4 Ke7
48.Ke3 Kd8 49.h3 Kd7 50.a4 Kd6 51.Kf4 Kd7 52.Kf3 Kd6 53.Ke3 Kd7 54.g4 fxg4
55.Ke4 Rd6 56.hxg4 Ke6 57.Kf4 Rd4+ 58.Ke3 Rd5 59.Ke4 Kd6 60.Ke3 Kd7 61.Kf2
Kd6 62.Ke2 Kd7 1/2-1/2

[Event "56th World U20 ch"]
[Site "Tarvisio ITA"]
[Date "2017.11.15"]
[Round "3.30"]
[White "Ladva, Ottomar"]
[Black "Villegas, Franco"]
[Result "0-1"]
[WhiteElo "2543"]
[BlackElo "2328"]
[EventDate "2017.11.13"]
[PlyCount "104"]

1.Nf3 Nf6 2.g3 g6 3.b3 Bg7 4.Bb2 O-O 5.Bg2 d5 6.c4 c6 7.O-O Bg4 8.d3 Nbd7 
9.Nbd2 Bxf3 10.Nxf3 Re8 11.Rc1 e5 12.cxd5 Nxd5 13.Nd2 Rc8 14.a3 Bf8 15.b4 
b5 16.Nb3 N7b6 17.Nc5 Bxc5 18.bxc5 Na4 19.Ba1 Qd7 20.e4 Nc7 21.f4 Rcd8 22.
Rf3 exf4 23.Qd2 Ne6 24.gxf4 Nd4 25.f5 Rxe4 26.fxg6 hxg6 27.Qh6 Nxf3+ 28.
Bxf3 Rd4 29.Qe3 Qf5 30.Be4 Qg4+ 31.Kh1 Rxe4 32.Qxe4 Qxe4+ 33.dxe4 Re8 34.
Bf6 Rxe4 35.Rd1 g5 36.Bxg5 Nxc5 37.Rc1 Ne6 38.Be7 Nf4 39.Bd6 Kg7 40.h4 Nd5
41.Kg2 Rc4 42.Rxc4 bxc4 43.Kf3 f5 44.Bg3 Kg6 45.Bf2 a6 46.Ke2 Kh5 47.Kd2 
Kg4 48.a4 Nf6 49.Be1 Ne4+ 50.Ke3 c5 51.a5 c3 52.Kd3 c4+ 0-1

[Event "56th World U20 ch"]
[Site "Tarvisio ITA"]
[Date "2017.11.15"]
[Round "3.31"]
[White "Zarubitsky, Viachaslau"]
[Black "Kantor, Gergely"]
[Result "0-1"]
[WhiteElo "2344"]
[BlackElo "2514"]
[EventDate "2017.11.13"]
[PlyCount "92"]

1.e4 e5 2.Nf3 Nc6 3.Bb5 a6 4.Ba4 Nf6 5.O-O Be7 6.Re1 b5 7.Bb3 d6 8.c3 O-O 
9.h3 Nb8 10.d4 Nbd7 11.Nbd2 Bb7 12.Bc2 c5 13.Nf1 Qc7 14.d5 c4 15.Ng3 g6 
16.Bh6 Rfb8 17.Qd2 Qd8 18.b4 cxb3 19.axb3 Bf8 20.Be3 Qc7 21.Rec1 a5 22.b4 
Nb6 23.Bd3 Nc4 24.Qe2 Nxe3 25.Qxe3 Bc8 26.c4 bxc4 27.Rxc4 Qd8 28.bxa5 Rxa5
29.Rca4 Rxa4 30.Rxa4 Nd7 31.Ra3 Nc5 32.Nd2 Be7 33.Bf1 Bg5 34.Qc3 h5 35.f3 
Qf6 36.Be2 Bd7 37.Ngf1 Bf4 38.Nb3 Nxb3 39.Rxb3 Rc8 40.Qd3 Qg5 41.Kf2 Rc1 
42.Rb1 Qh4+ 43.Kg1 Bxh3 44.Rxc1 Qg5 45.g3 Bxg3 46.Rc2 Be1+ 0-1

[Event "56th World U20 ch"]
[Site "Tarvisio ITA"]
[Date "2017.11.15"]
[Round "3.32"]
[White "Bellahcene, Bilel"]
[Black "Macovei, Andrei"]
[Result "1-0"]
[WhiteElo "2510"]
[BlackElo "2343"]
[EventDate "2017.11.13"]
[PlyCount "85"]

1.d4 Nf6 2.c4 e6 3.g3 d5 4.Nf3 Bb4+ 5.Bd2 Bd6 6.Bg2 c6 7.b3 Ne4 8.Bc1 Nd7 
9.O-O O-O 10.Bb2 b6 11.Nbd2 Nxd2 12.Qxd2 Bb7 13.Rac1 Re8 14.Rfd1 Qe7 15.
Qc2 f5 16.Ne1 Nf6 17.Nd3 Rac8 18.a4 c5 19.dxc5 bxc5 20.cxd5 exd5 21.Bxf6 
Qxf6 22.Nb2 Be5 23.Nc4 Red8 24.Ne3 Bd4 25.Qxf5 Bxe3 26.Qxf6 gxf6 27.fxe3 
Kf7 28.Rd3 Ke6 29.Bh3+ f5 30.Rdc3 c4 31.bxc4 dxc4 32.Rxc4 Rd1+ 33.Rxd1 
Rxc4 34.Rd4 Rc1+ 35.Bf1 a5 36.Kf2 Rc2 37.Rh4 Be4 38.Rxh7 Ra2 39.Ra7 Ra1 
40.Bg2 Bxg2 41.Kxg2 Re1 42.Ra6+ Kf7 43.Kf2 {... 57 moves} 1-0

[Event "56th World U20 ch"]
[Site "Tarvisio ITA"]
[Date "2017.11.15"]
[Round "3.33"]
[White "Harutiunian, Tigran"]
[Black "Xu Yining"]
[Result "1/2-1/2"]
[WhiteElo "2508"]
[BlackElo "2321"]
[EventDate "2017.11.13"]
[PlyCount "45"]

1.d4 d5 2.Nf3 Nf6 3.c4 dxc4 4.e3 e6 5.Bxc4 a6 6.O-O c5 7.Nc3 b5 8.Be2 Nbd7
9.d5 exd5 10.Nxd5 Bb7 11.Nxf6+ Qxf6 12.a4 b4 13.e4 h6 14.Qc2 Bd6 15.b3 O-O
16.Bb2 Bxe4 17.Qxe4 Qxb2 18.Bd3 Nf6 19.Qc4 Nd7 20.Qe4 Nf6 21.Qc4 Nd7 22.
Qe4 Nf6 23.Qc4 1/2-1/2

[Event "56th World U20 ch"]
[Site "Tarvisio ITA"]
[Date "2017.11.15"]
[Round "3.34"]
[White "Nowak, Lukasz"]
[Black "Li Di"]
[Result "0-1"]
[WhiteElo "2310"]
[BlackElo "2479"]
[EventDate "2017.11.13"]
[PlyCount "160"]

1.e4 c5 2.Nf3 e6 3.d4 cxd4 4.Nxd4 Nc6 5.Nc3 Qc7 6.f4 Nxd4 7.Qxd4 b6 8.Bd2 
Bb7 9.Nb5 Qc6 10.Bb4 Nf6 11.Bxf8 Kxf8 12.e5 Qe4+ 13.Be2 Qxd4 14.Nxd4 Ne4 
15.Bf3 Ke7 16.O-O-O a6 17.Nb3 Rhb8 18.Rd4 Nc5 19.Nxc5 bxc5 20.Bxb7 Rxb7 
21.Rd6 f6 22.Rhd1 fxe5 23.fxe5 a5 24.R1d3 Rf8 25.Ra6 Rf5 26.Rxa5 Rxe5 27.
a4 Rf5 28.Rg3 Rf1+ 29.Kd2 Rxb2 30.Kc3 Rb4 31.Rxg7+ Rf7 32.Rxf7+ Kxf7 33.
Rxc5 Rxa4 34.Kd3 Rh4 35.h3 Kf6 36.c4 e5 37.Rc8 h5 38.Ke3 Ke6 39.Re8+ Kf6 
40.Rc8 Ke7 41.Rc7 Ke6 42.Rc5 Rd4 43.g3 Rd1 44.Ke4 Re1+ 45.Kf3 Rc1 46.Rc8 
Rc3+ 47.Kf2 d6 48.Re8+ Kf6 49.Rd8 Rc2+ 50.Kf3 Ke6 51.Re8+ Kf7 52.Rd8 Rc3+ 
53.Kf2 Ke6 54.Re8+ Kf5 55.Rd8 Ke4 56.Rxd6 Rc2+ 57.Kf1 Rxc4 58.Rf6 Rc3 59.
Kf2 Rc2+ 60.Kf1 Rd2 61.Rf8 Kd3 62.Rf5 e4 63.Rxh5 Rd1+ 64.Kg2 e3 65.Rd5+ 
Kc2 66.Rc5+ Kd2 67.Rd5+ Ke1 68.Ra5 e2 69.Ra8 Kd2 70.Ra2+ Ke3 71.Ra3+ Kd4 
72.Ra4+ Kd5 73.Ra5+ Kc6 74.Ra6+ Kb7 75.Re6 e1=Q 76.Rxe1 Rxe1 77.Kf3 Kc6 
78.Kf4 Kd6 79.h4 Ke6 80.Kg5 Kf7 0-1

[Event "56th World U20 ch"]
[Site "Tarvisio ITA"]
[Date "2017.11.15"]
[Round "3.35"]
[White "Salomon, Johan"]
[Black "Timerkhanov, Alexander"]
[Result "1-0"]
[WhiteElo "2476"]
[BlackElo "2312"]
[EventDate "2017.11.13"]
[PlyCount "163"]

1.d4 d5 2.c4 dxc4 3.e3 Nf6 4.Bxc4 e6 5.Nf3 a6 6.O-O c5 7.dxc5 Qxd1 8.Rxd1 
Bxc5 9.Be2 Nc6 10.b3 Ke7 11.Bb2 Bd7 12.Nbd2 Rhd8 13.Rac1 b6 14.Ne1 Na5 15.
Kf1 Bb5 16.Nc2 Bxe2+ 17.Kxe2 Nc6 18.Ne1 Rac8 19.h3 Ke8 20.Nd3 Be7 21.Nc4 
Rb8 22.Nce5 Nxe5 23.Bxe5 Bd6 24.Bd4 Ba3 25.Rc6 Rdc8 26.Rxc8+ Rxc8 27.Bxb6 
Ne4 28.Kf3 Ng5+ 29.Kf4 f6 30.e4 e5+ 31.Ke3 Rc2 32.Rd2 Rxd2 33.Kxd2 Nxe4+ 
34.Kc2 Bd6 35.f3 Ng5 36.Kc3 Kd7 37.Be3 Ne6 38.Kc4 Kc6 39.b4 h5 40.a4 Nc7 
41.Bd2 g5 42.g4 hxg4 43.hxg4 Be7 44.Be3 Bf8 45.Bf2 Be7 46.Bc5 Bd8 47.Bg1 
Be7 48.Bf2 Bd6 49.Nc5 Bxc5 50.Bxc5 Ne6 51.Be3 Nc7 52.Bf2 Kd6 53.Bb6 Ne6 
54.b5 axb5+ 55.Kxb5 Kd7 56.a5 Kc8 57.a6 Kb8 58.Kc4 Ka8 59.Kd5 Nf4+ 60.Ke4 
Ne2 61.Bf2 Nf4 62.Bb6 Ne2 63.Ke3 Nc3 64.Ba5 Nb5 65.Bd8 f5 66.gxf5 Nd6 67.
f6 Ka7 68.Bc7 Nf7 69.Ke4 Nh6 70.Bxe5 Kxa6 71.Kd5 Kb5 72.Ke6 Kc4 73.Bd6 Kd3
74.Bf8 g4 75.f4 g3 76.Bxh6 g2 77.f7 g1=Q 78.f8=Q Qg6+ 79.Qf6 Qe8+ 80.Kf5 
Qe4+ 81.Kg5 Qd5+ 82.Qf5+ 1-0

[Event "56th World U20 ch"]
[Site "Tarvisio ITA"]
[Date "2017.11.15"]
[Round "3.36"]
[White "Jarmula, Lukasz"]
[Black "Ioannidis, Evgenios"]
[Result "1/2-1/2"]
[WhiteElo "2470"]
[BlackElo "2302"]
[EventDate "2017.11.13"]
[PlyCount "75"]

1.d4 d5 2.c4 c6 3.cxd5 cxd5 4.Bf4 Nc6 5.e3 Bf5 6.Nc3 Nf6 7.Qb3 Na5 8.Qa4+ 
Bd7 9.Qc2 e6 10.Bd3 Rc8 11.Nf3 Bb4 12.O-O Nc4 13.Rfc1 O-O 14.Ne5 Bxc3 15.
bxc3 Bb5 16.Bg5 h6 17.Bxc4 Bxc4 18.Bxf6 gxf6 19.Nd3 Bxd3 20.Qxd3 Qa5 21.
Rab1 Rc7 22.Rc2 Rfc8 23.Rb3 Rc4 24.Rxb7 Rxc3 25.Rxc3 Qxc3 26.Qxc3 Rxc3 27.
g4 Ra3 28.Rb2 Kg7 29.Kg2 Kg6 30.Kg3 f5 31.h4 fxg4 32.Kxg4 Ra4 33.h5+ Kf6 
34.f4 Ra3 35.Kf3 Kf5 36.Rb7 Kf6 37.Rb2 Kf5 38.Rb7 1/2-1/2

[Event "56th World U20 ch"]
[Site "Tarvisio ITA"]
[Date "2017.11.15"]
[Round "3.37"]
[White "Sukovic, Andrej"]
[Black "Livaic, Leon"]
[Result "0-1"]
[WhiteElo "2306"]
[BlackElo "2470"]
[EventDate "2017.11.13"]
[PlyCount "66"]

1.e4 c5 2.Nf3 d6 3.d4 cxd4 4.Nxd4 Nf6 5.Nc3 a6 6.Bc4 e6 7.Bb3 Nbd7 8.O-O 
Nc5 9.Bg5 Be7 10.Re1 h6 11.Bh4 g5 12.Bg3 e5 13.Nde2 h5 14.f3 h4 15.Bf2 
Nxb3 16.cxb3 g4 17.f4 g3 18.hxg3 h3 19.gxh3 Rxh3 20.Kg2 Qd7 21.f5 Rh8 22.
Qd3 b5 23.b4 Bb7 24.Qf3 d5 25.exd5 e4 26.Qe3 Rh2+ 27.Kg1 Qxf5 28.Nxe4 Nxe4
29.Kxh2 Nxf2 30.Qxe7+ Kxe7 31.Nd4+ Qe4 32.Rxe4+ Nxe4 33.Re1 Bxd5 0-1

[Event "56th World U20 ch"]
[Site "Tarvisio ITA"]
[Date "2017.11.15"]
[Round "3.38"]
[White "Sosa, Tomas"]
[Black "Holtman, Teodor"]
[Result "1-0"]
[WhiteElo "2469"]
[BlackElo "2296"]
[EventDate "2017.11.13"]
[PlyCount "91"]

1.e4 c5 2.Nf3 Nc6 3.Bb5 Nf6 4.Nc3 g6 5.e5 Ng4 6.Bxc6 dxc6 7.d3 Bg7 8.Bf4 
Nh6 9.Ne4 Bg4 10.h3 Bxf3 11.Qxf3 Nf5 12.c3 Qa5 13.O-O-O c4 14.g4 Nh4 15.
Qg3 cxd3 16.Qxd3 O-O 17.Bg5 Rfd8 18.Qe2 Ng2 19.Rxd8+ Rxd8 20.f3 h6 21.Bxe7
Nf4 22.Qc4 Nd3+ 23.Kb1 Qb6 24.Qb3 Rd5 25.Qxb6 axb6 26.Nf6+ Bxf6 27.exf6 
Nf4 28.h4 Rd3 29.Rf1 Kh7 30.c4 Rd2 31.Bb4 Rd4 32.b3 Ng2 33.Bc3 Rd6 34.h5 
Rd3 35.Kc2 Rd8 36.Bd2 gxh5 37.Rh1 hxg4 38.fxg4 Re8 39.Rxh6+ Kg8 40.Rh3 Re4
41.g5 Nh4 42.Rd3 Re2 43.Kc3 b5 44.cxb5 cxb5 45.Kb4 Nf3 46.Bc3 1-0

[Event "56th World U20 ch"]
[Site "Tarvisio ITA"]
[Date "2017.11.15"]
[Round "3.39"]
[White "Kumar, Gaurav"]
[Black "Dragnev, Valentin"]
[Result "0-1"]
[WhiteElo "2297"]
[BlackElo "2461"]
[EventDate "2017.11.13"]
[PlyCount "68"]

1.e4 e5 2.Nf3 Nc6 3.d4 exd4 4.Nxd4 Nf6 5.Nxc6 bxc6 6.e5 Qe7 7.Qe2 Nd5 8.c4
Nb6 9.Nc3 Ba6 10.b3 O-O-O 11.Bb2 Re8 12.f4 f6 13.O-O-O fxe5 14.Qxe5 Qxe5 
15.fxe5 Rxe5 16.c5 Bxf1 17.cxb6 Bxg2 18.bxa7 Ra5 19.Rhg1 Bh3 20.Ne4 h6 21.
a4 Bf5 22.Nd2 Rg8 23.Nf3 Rc5+ 24.Kd2 Rc2+ 25.Ke3 Kb7 26.Bd4 Bd6 27.Rd2 g5 
28.Rxc2 Bxc2 29.Kd2 Be4 30.Ne5 c5 31.Bb2 Kxa7 32.h4 Re8 33.Re1 Bxe5 34.
Rxe4 Bc3+ 0-1

[Event "56th World U20 ch"]
[Site "Tarvisio ITA"]
[Date "2017.11.15"]
[Round "3.40"]
[White "Vykouk, Jan"]
[Black "Tahay, Alexis"]
[Result "1/2-1/2"]
[WhiteElo "2430"]
[BlackElo "2285"]
[EventDate "2017.11.13"]
[PlyCount "92"]

1.e4 c5 2.Nf3 d6 3.d4 cxd4 4.Nxd4 Nf6 5.Nc3 a6 6.Bg5 e6 7.f4 Qb6 8.Qd2 
Qxb2 9.Rb1 Qa3 10.e5 h6 11.Bh4 dxe5 12.fxe5 Nfd7 13.Ne4 Qxa2 14.Rd1 Qd5 
15.Qe3 Qxe5 16.Be2 Bc5 17.Bg3 Qd5 18.c4 Bxd4 19.Rxd4 Qa5+ 20.Rd2 O-O 21.
Bd6 f5 22.Bxf8 Nxf8 23.Nd6 Nbd7 24.Bf3 Qa1+ 25.Rd1 Qe5 26.Kf2 Qxe3+ 27.
Kxe3 Nc5 28.Ra1 Nfd7 29.Rhb1 Rb8 30.Nxc8 Rxc8 31.Bxb7 Rc7 32.Bxa6 Nxa6 33.
Rxa6 Rxc4 34.Rxe6 Nf6 35.Rb5 Kf7 36.Ra6 Rc2 37.Rxf5 Rxg2 38.Rf2 Rxf2 39.
Kxf2 g5 40.h3 Kg6 41.Ke3 h5 42.Kd4 Kf5 43.Ra5+ Kg6 44.Ra1 Kf5 45.Rf1+ Ke6 
46.Rf2 h4 {... 60 moves} 1/2-1/2

[Event "56th World U20 ch"]
[Site "Tarvisio ITA"]
[Date "2017.11.15"]
[Round "3.41"]
[White "Urbanc, Peter"]
[Black "Gomez Sanchez, Jorge Marcos"]
[Result "0-1"]
[WhiteElo "2290"]
[BlackElo "2426"]
[EventDate "2017.11.13"]
[PlyCount "84"]

1.c4 e5 2.Nc3 Nc6 3.g3 g6 4.Bg2 Bg7 5.d3 d6 6.Nf3 f5 7.O-O Nf6 8.Bg5 h6 9.
Bxf6 Qxf6 10.Nd5 Qf7 11.b4 O-O 12.b5 Nd8 13.Rb1 c6 14.bxc6 bxc6 15.Nd2 e4 
16.Ne3 exd3 17.exd3 Bd7 18.Qa4 Kh7 19.Qa3 Qf6 20.Rfe1 Rf7 21.c5 d5 22.f4 
Qc3 23.Qxc3 Bxc3 24.Re2 Ne6 25.Nxd5 cxd5 26.Bxd5 Rc8 27.Rb7 Rxc5 28.Bc4 
Bxd2 29.Rxd2 Be8 30.Rb8 Re7 31.Re2 Bf7 32.Kf2 Rcc7 33.Re5 Nd4 34.Rxe7 Rxe7
35.Bxf7 Rxf7 36.Ke3 Rd7 37.Rc8 Kg7 38.Rc4 Ne6 39.Rc6 Kf7 40.h3 Re7 41.Kd2 
Nd4 42.Ra6 Ne2 0-1

[Event "56th World U20 ch"]
[Site "Tarvisio ITA"]
[Date "2017.11.15"]
[Round "3.42"]
[White "Vrolijk, Liam"]
[Black "Tasdogen, Dincer"]
[Result "1-0"]
[WhiteElo "2425"]
[BlackElo "2235"]
[EventDate "2017.11.13"]
[PlyCount "59"]

1.d4 Nf6 2.c4 e6 3.g3 Bb4+ 4.Bd2 Bxd2+ 5.Qxd2 O-O 6.Bg2 d5 7.Nf3 c6 8.O-O 
Nbd7 9.Rc1 b6 10.cxd5 cxd5 11.Nc3 Ba6 12.a4 Rc8 13.Nb5 Rxc1+ 14.Rxc1 Qb8 
15.Qf4 Qxf4 16.gxf4 Bxb5 17.axb5 Ra8 18.Ne5 Nf8 19.e3 Ng6 20.Rc7 Ne8 21.
Rd7 Rc8 22.Rxa7 Nd6 23.Bf1 Nxe5 24.fxe5 Ne4 25.Rb7 h5 26.Rxb6 Rc2 27.Rb8+ 
Kh7 28.f3 Rxb2 29.fxe4 dxe4 30.Bg2 1-0

[Event "56th World U20 ch"]
[Site "Tarvisio ITA"]
[Date "2017.11.15"]
[Round "3.43"]
[White "Rakotomaharo, Fy Antenaina"]
[Black "Pavic, Filip"]
[Result "1-0"]
[WhiteElo "2414"]
[BlackElo "2228"]
[EventDate "2017.11.13"]
[PlyCount "59"]

1.e4 c5 2.Nf3 d6 3.d4 cxd4 4.Nxd4 Nf6 5.Nc3 a6 6.h4 e5 7.Nb3 Be6 8.f4 Nc6 
9.f5 Bxb3 10.axb3 d5 11.exd5 Nd4 12.Bd3 Nxd5 13.Bg5 Be7 14.Nxd5 Qxd5 15.
Qg4 Rc8 16.f6 Bb4+ 17.c3 O-O 18.cxb4 e4 19.Be3 g6 20.O-O Nf5 21.Rxf5 Qxf5 
22.Qxf5 gxf5 23.Bc4 b5 24.Bd5 Rfd8 25.Bb7 Rb8 26.Bxa6 Rd3 27.Bc5 Rxb3 28.
Bxb5 h5 29.Bc4 Rxb2 30.Ra7 1-0